| 000 | 00827cam a2200217 4500 | ||
|---|---|---|---|
| 001 | WB@3612-238 | ||
| 008 | 040714n2004 000 0 eng u | ||
| 035 | _a(Sirsi) u126780 | ||
| 245 | _a£38bn for sustainable communities | ||
| 260 | _c2004 | ||
| 490 |
_aODPM News Release _v2004/0162 13 July 2004 (3) |
||
| 520 | _aFollowing the Chancellor' of the Exchequer'sannouncement of future public sector spending, the Deputy Prime Minister has confirmed that over the five years to 2008, his office will spend £38bn on sustainable communities. http://www.odpm.gov.uk/pns/DisplayPN.cgi?pn_id=200 4_0162 | ||
| 590 | _aWB | ||
| 590 | _aWB | ||
| 650 | _aSUSTAINABLE COMMUNITIES | ||
| 650 | _aPLANNING POLICY | ||
| 650 | _aGOVERNMENT SPENDING | ||
| 650 | _aGOVERNMENT FUNDING | ||
| 690 | _aECONOMIC ISSUES | ||
| 942 | _n0 | ||
| 999 |
_c117698 _d117698 |
||